00664nam a22002297a 4500003000200000005001700002008000200019010001300021020002200034035002400056037001600080040001500096082001700111100001600128245006500144260004700209270007200256300002300328500005100351650001100402650002100413020180723131421.00 aB-159735 c00.00a8177080741 aB-159735, B -159739 bCen Lib/Ret aDPLbENc0 a338.954bJET aJetli, N.K. aIndia :cby N.K. Jetlibeconomic reforms and labour policy / aNew DelhibNew Century Publications c2004 a4800/24, Bharat ram Road, Ansari Road, DaryaganjbNew Delhie110002 axi,259p.c22cm(Hb) aIncludes bibliographical references and index. aIndia  aEconomic Reforms